00553 2200145 4500001002100000008004100021035002000062245015200082110004400234260006100278300002800339084001700367082001100384990001200395INLIS000000000000798 ind  a0010-0924000256 aBuku Petunjuk Tatacara Pelaksanaan Inventarisasi dan Registrasi Barang-Barang Milik Negara/Kekayaan NegaracDepartemen Kesehatan Republik Indonesia aDepartemen Kesehatan Republik Indonesia aJakarta :bDepartemen Kesehatan Republik Indonesiac1981 a247 halaman :c20,5 cm. a352.54 DEP n a352.54 a0001232